000
00282 a2200145 4500
001
116134
041
_a
por
090
_a
Nursery A/D
245
1
0
_a
TV Samsung 8
250
_a
. ed.
260
_c
2016
300
_a
Marca Samsung
040
_a
BR-BrIDEA
_c
BR-BrIDEA
942
_c
DE
999
_c
116134
_d
116134